000
00326nam a22001457a 4500
008
230719b ||||| |||| 00| 0 eng d
020
_a
9780070455031
041
_a
eng
080
_a
53
082
_a
53McG
100
_a
20
101
_a
FIZIK
245
_a
SOLID-STATE PHYSICS SOURCE BOOK
_c
McGRAW-HILL
942
_2
udc
_c
BK
999
_c
60181
_d
60181